000
00178 a2200097 4500
020
_a
9781890132286
041
_a
eng
100
_a
Weisman, Alan
245
_a
Gaviotas
942
_c
BK
999
_c
3113
_d
3113